Board of Valuers, Appraisers and Estate Agents Malaysia (Record no. 119937)

MARC details
000 -LEADER
fixed length control field 01092cam a2200277 4500
001 - CONTROL NUMBER
control field WS115327
008 - FIXED-LENGTH DATA ELEMENTS--GENERAL INFORMATION
fixed length control field 011025n 000 0 eng u
035 ## - SYSTEM CONTROL NUMBER
System control number (Sirsi) u115327
110 ## - MAIN ENTRY--CORPORATE NAME
Corporate name or jurisdiction name as entry element Board of Valuers, Appraisers and Estate Agents Malaysia
245 ## - TITLE STATEMENT
Title Board of Valuers, Appraisers and Estate Agents Malaysia
520 ## - SUMMARY, ETC.
Summary, etc. Site for this organisation whose primary function is to regulate the valuers, appraisers and estate agents practising in Malaysia. Includes pages on fees, examinations and qualifications, publications and standards. Also gives a list of members and firms and their code of conduct.
650 ## - SUBJECT ADDED ENTRY--TOPICAL TERM
Topical term or geographic name entry element ORGANISATION
650 ## - SUBJECT ADDED ENTRY--TOPICAL TERM
Topical term or geographic name entry element MALAYSIA
650 ## - SUBJECT ADDED ENTRY--TOPICAL TERM
Topical term or geographic name entry element INTERNATIONAL
650 ## - SUBJECT ADDED ENTRY--TOPICAL TERM
Topical term or geographic name entry element ESTATE AGENTS
650 ## - SUBJECT ADDED ENTRY--TOPICAL TERM
Topical term or geographic name entry element VALUERS
650 ## - SUBJECT ADDED ENTRY--TOPICAL TERM
Topical term or geographic name entry element Valuation
9 (RLIN) 6273
650 ## - SUBJECT ADDED ENTRY--TOPICAL TERM
Topical term or geographic name entry element STANDARDS
650 ## - SUBJECT ADDED ENTRY--TOPICAL TERM
Topical term or geographic name entry element FEES
650 ## - SUBJECT ADDED ENTRY--TOPICAL TERM
Topical term or geographic name entry element CODE OF CONDUCT
650 ## - SUBJECT ADDED ENTRY--TOPICAL TERM
Topical term or geographic name entry element EXAMINATIONS
650 ## - SUBJECT ADDED ENTRY--TOPICAL TERM
Topical term or geographic name entry element QUALIFICATIONS
690 ## - LOCAL SUBJECT ADDED ENTRY--TOPICAL TERM (OCLC, RLIN)
Topical term or geographic name as entry element MANAGEMENT-BUSINESS MANAGEMENT-PROFESSIONAL PRACTICE
856 40 - ELECTRONIC LOCATION AND ACCESS
Uniform Resource Identifier <a href="https://www.lppeh.gov.my/">https://www.lppeh.gov.my/</a>
Public note View the website free of charge at www.lppeh.gov.my
942 ## - ADDED ENTRY ELEMENTS (KOHA)
Suppress in OPAC 0
Holdings
Withdrawn status Lost status Source of classification or shelving scheme Damaged status Not for loan Home library Current library Shelving location Date acquired Total Checkouts Full call number Barcode Date last seen Copy number Price effective from Koha item type
    Dewey Decimal Classification     Virtual Virtual Online 25/10/2001   WEB SITE 115327-2001 06/08/2019 1 06/08/2019 Online material